Jornada de evaluación Cabildo para el desarrollo de Valparaíso
Збережено в:
| Співавтор: | |
|---|---|
| Формат: | Книга |
| Мова: | Іспанська |
| Опубліковано: |
Valparaíso
I. Municipalidad de Valparaíso
1994
|
| Редагування: | 1a. ed |
| Предмети: | |
| Теги: |
Додати тег
Немає тегів, Будьте першим, хто поставить тег для цього запису!
|
MARC
| LEADER | 00000nam a2200000 a 4500 | ||
|---|---|---|---|
| 001 | UCJ8185 | ||
| 003 | CL-VaPUC | ||
| 008 | 070124e19940419CL |||||||||||||||||spa|d | ||
| 082 | 0 | 4 | |a 983 |b ILU |2 21 |
| 110 | 2 | |a Ilustre Municipalidad de Valparaíso |e author |9 516897 | |
| 245 | 1 | 0 | |a Jornada de evaluación Cabildo para el desarrollo de Valparaíso |
| 250 | |a 1a. ed | ||
| 300 | |a 87 p | ||
| 942 | |c BK | ||
| 945 | |d 20070124 00:00:00 |a rinostro | ||
| 260 | |a Valparaíso |b I. Municipalidad de Valparaíso |c 1994 | ||
| 650 | 0 | |a Historia local |9 266584 | |
| 650 | 0 | |a Ilustraciones |9 369481 | |
| 583 | |a last modification |c 20070124 00:00:00 |k Rodrigo Vera | ||
| 999 | |c 323974 |d 323972 | ||
| 952 | |0 0 |1 0 |4 0 |6 983_000000000000000_ILU_1994 |7 0 |8 X |9 403849 |a FDOBUD |b FDOBUD |d 2019-11-22 |i 107413K |o 983 ILU 1994 |p 107413K |r 2019-11-22 |w 2019-11-22 |y BK_X |k BUD | ||